La connaissance objective

Gorde:
Xehetasun bibliografikoak
Egile nagusia: Pooper, Karl R. (Egilea)
Formatua: Liburua
Hizkuntza:frantsesa
Argitaratua: Bruselas Complexe 1978
Saila:Collection Textes
Gaiak:
Etiketak: Etiketa erantsi
Etiketarik gabe, Izan zaitez lehena erregistro honi etiketa jartzen!

MARC

LEADER 00000nam a2200000 a 4500
001 UCZ4619
003 CL-VaPUC
008 951110e19780000BE |||||||||||||||||fre|d
082 0 4 |a 121  |b POP  |2 21 
100 |a Pooper, Karl R.  |e author  |9 311826 
245 1 3 |a La connaissance objective 
300 |a 175 p 
942 |c BK 
945 |d 19951110 00:00:00  |a cmena 
260 |a Bruselas  |b Complexe  |c 1978 
650 0 |a Teoría del conocimiento   |9 255038 
650 0 |a Epistemología   |9 264994 
650 0 |a Lógica  |9 256849 
650 0 |a Inducción  |9 324566 
650 0 |a Realismo  |9 259117 
650 0 |a Cognición   |9 270347 
650 0 |a Inteligencia  |9 267038 
583 |a last modification  |c 19951110 00:00:00  |k Rodrigo Vera 
490 0 |a Collection Textes 
999 |c 240988  |d 240986 
952 |0 0  |1 0  |4 0  |6 121_000000000000000_POP_1978  |7 0  |8 P  |9 253125  |a BIBEDU  |b BIBEDU  |c BIBEDU_PB  |d 2019-11-19  |i 1596535  |l 1  |o 121 POP 1978  |p 1596535  |r 2024-01-25  |s 2023-03-28  |w 2019-11-19  |y BK  |k FIL